000 00511nam a2200181Ia 4500
003 OSt
005 20250125122514.0
008 210210b1980 xxu||||| |||| 00| 0 eng d
040 _cAL
082 _aK894.2 PUTG
100 _aPUTTASVAMAYYA (B).
_9151136
_dಪುಟ್ಟಸ್ವಾಮಯ್ಯ (ಬಿ)
245 _aGautama buddha
_b ಗೌತಮ ಬುದ್ಧ
260 _aBengaluru
_bSharada Prakashana
_c1980
300 _a90
690 _aKannada Drama
_9151137
906 _a034656
942 _2ddc
_cBK
999 _c85482
_d85482